Small Business Management (Record no. 4392)
[ view plain ]
| 000 -LEADER | |
|---|---|
| fixed length control field | 00360nam a22001457a 4500 |
| 008 - FIXED-LENGTH DATA ELEMENTS--GENERAL INFORMATION | |
| fixed length control field | 250801b |||||||| |||| 00| 0 eng d |
| 020 ## - INTERNATIONAL STANDARD BOOK NUMBER | |
| ISBN | 0618128484 |
| 100 ## - MAIN ENTRY--AUTHOR | |
| Author | HATTEN, S. Timothy |
| 245 ## - TITLE STATEMENT | |
| Title | Small Business Management |
| 250 ## - EDITION STATEMENT | |
| Edition statement | 2nd |
| 260 ## - PUBLICATION, DISTRIBUTION, ETC. (IMPRINT) | |
| Place of publication | Boston |
| Name of publisher | Houghton Mifflin Company |
| Date of publication | 2003 |
| 300 ## - COLLATION | |
| Pagination | xxv, 660p. |
| 942 ## - ADDED ENTRY ELEMENTS (KOHA) | |
| Item type | Books |
| 050 ## - LIBRARY OF CONGRESS CALL NUMBER | |
| Classification number | HD62.7 |
| Item number | .H38 |
| Source of classification or shelving scheme | Not for loan | Permanent location | Current location | Date acquired | Accession No. | Full call number | Barcode. | Koha item type |
|---|---|---|---|---|---|---|---|---|
| Library of Congress Classification | Samuel Ogbemudia Main Library, University of Abuja | Samuel Ogbemudia Main Library, University of Abuja | 08/01/2025 | 200837381 | HD62.7.H38 | 2025-3171 | Books |